00432nam a2200157Ia 4500003000400000005001700004008004100021040000900062082001500071100004100086245005900127250001200186260005500198300001000253650001100263OSt20210910111102.0190216s9999||||xx |||||||||||||| ||und|| coclc a297bALS/H aAl Shafi, Ibn Ad Deebah As Shaibani  0aHadaik Al Anwaru /cIbn Ad Deebah As Shaibani Al Shafi aVol - 2 bSahib Al Sumu Al Sheikh Khalif Bin Hamad Al Thani, a1408p aArabic